Quality upgradation of ungraded sheet rubber using a mechanical cleaning device (Record no. 51485)

MARC details
000 -LEADER
fixed length control field 00567nam a2200157Ia 4500
100 ## - MAIN ENTRY--AUTHOR NAME
Personal name Varghese S
245 #0 - TITLE STATEMENT
Title Quality upgradation of ungraded sheet rubber using a mechanical cleaning device
260 ## - PUBLICATION, DISTRIBUTION, ETC. (IMPRINT)
Name of publisher PLACROSYM XVIII. 10-13 December 2008, National Research Centre for Cashew, Puttur, Karnataka. Journal of Plantation Crops, 36 (3):500-502.
Year of publication 2008
650 ## - SUBJECT ADDED ENTRY--TOPICAL TERM
Topical Term Mechanical cleaning
650 ## - SUBJECT ADDED ENTRY--TOPICAL TERM
Topical Term Quality upgradation
650 ## - SUBJECT ADDED ENTRY--TOPICAL TERM
Topical Term Sheet rubber
700 ## - ADDED ENTRY--PERSONAL NAME
Personal name Kuriakose B
700 ## - ADDED ENTRY--PERSONAL NAME
Personal name Mathew N M
942 ## - ADDED ENTRY ELEMENTS (KOHA)
Koha item type Bibliography STAF
Holdings
Withdrawn status Lost status Damaged status Not for loan Home library Current library Shelving location Date acquired Koha item type
      Bibliography RRII Library RRII Library Rubber technology 18/12/2008 Bibliography STAF